[Event "Gothenburg op"]
[Site "Gothenburg"]
[Date "2017.08.19"]
[Round "5"]
[White "Rydstrom, Tom"]
[Black "Tabakan, Anil"]
[Result "1-0"]
[WhiteElo "2301"]
[BlackElo "1809"]
[PlyCount "63"]
[EventDate "2017.08.18"]
[EventType "swiss"]
[EventRounds "8"]
[EventCountry "SWE"]
[SourceTitle "CBM 180 Extra"]
[Source "ChessBase"]
[SourceDate "2017.10.06"]
[SourceVersion "1"]
[SourceVersionDate "2017.10.06"]
[SourceQuality "1"]

1. e4 e6 2. d4 d5 3. Nc3 Bb4 4. e5 c5 5. a3 Bxc3+ 6. bxc3 Ne7 7. Qg4 Nbc6 8. Qxg7 Rg8 9. Qxh7 cxd4 10. Ne2 dxc3 11. f4 d4 12. Ng3 Rg6 13. Bd3 Nf5 14. Ne4 Rxg2 15. Nf6+ Ke7 16. a4 Nb4 17. Rb1 a5 18. Ba3 Qb6 19. Qxf5 Kd8 20. Rxb4 axb4 21. Qe4 Rg6 22. Bc1 Rxa4 23. Ke2 Bd7 24. Nxd7 Kxd7 25. f5 exf5 26. Qxf5+ Re6 27. Qxf7+ Kc8 28. Bf5 d3+ 29. cxd3 Ra2+ 30. Kd1 c2+ 31. Ke1 Ra1 32. Qxe6+ 1-0